00579 2200217 4500001002100000005001500021035002000036245007000056100001200126250000600138300003500144700001200179260003900191082001200230084001800242020001800260650003200278990001700310990001700327990001700344INLIS00000000000023320180920025703 a0010-09180000871 aSelayang Pandang Sulawesi Selatan /cIswanto; Ilustrator, Junarko0 aIswanto a- aiv, 60 hlm. :bilus. ;c21 cm.0 aJunarko aKlaten :bPT Intan Pariwara,c2008 a911.598 a911.598 ISW s a979-28-0110-1 aGeografi Historis Indonesia a00978/P/2018 a00979/P/2018 a00980/P/2018